Zvířátka z Kouzelného lesa. Kočička Kiki /
Pohádkové vyprávění o kouzelném lese a o zvířátkách, které v něm žijí a mají kouzelné schopnosti. Určeno zejména dívkám od 5 let.
Uloženo v:
| Série: | Zvířátka z Kouzelného lesa,
část 1 |
|---|---|
| Hlavní autor: | |
| Další autoři: | |
| Médium: | E-kniha |
| Jazyk: | Czech |
| Vydáno: |
Praha :
Fragment,
2016
|
| Vydání: | 1. vydání |
| Témata: | |
| Příbuzné jednotky: | Z cyklu::
Zvířátka z Kouzelného lesa |
| Tagy: |
Žádné tagy |
| LEADER | 02782cam a2200505 i 4500 | ||
|---|---|---|---|
| 001 | 302816 | ||
| 003 | CZ PrSKC | ||
| 005 | 20260515063232.0 | ||
| 007 | ta | ||
| 008 | 160315s2016 xr a a 000 j cze d | ||
| 015 | |a cnb002784886 | ||
| 020 | |a 9788025327050 |q (vázáno) | ||
| 035 | |a (OCoLC)949216121 | ||
| 040 | |a ULG001 |b cze |d ABA001 |d OLA001 |e rda | ||
| 041 | 1 | |a cze |h eng | |
| 072 | 7 | |a 821.111-3 |x Anglická próza, anglicky psaná |2 Konspekt | |
| 072 | 7 | |a 821-93 |x Literatura pro děti a mládež (beletrie) |2 Konspekt | |
| 080 | |a 821.111-32 |2 MRF | ||
| 080 | |a 821-93 |2 MRF | ||
| 080 | |a (0:82-32) |2 MRF | ||
| 100 | 1 | |a Small, Lily |7 xx0202270 |4 aut | |
| 240 | 1 | 0 | |a Chloe the Kitten. |l Česky |
| 245 | 1 | 0 | |a Zvířátka z Kouzelného lesa. |p Kočička Kiki / |c Lily Small ; z anglického originálu Fairy animals - Chloe the Kitten přeložila Alžběta Kalinová |
| 246 | 3 | 0 | |a Kočička Kiki |
| 250 | |a 1. vydání | ||
| 264 | 1 | |a Praha : |b Fragment, |c 2016 | |
| 300 | |a 106 stran, 6 nečíslovaných stran : |b ilustrace ; |c 20 cm | ||
| 336 | |a text |b txt |2 rdacontent | ||
| 337 | |a bez média |b n |2 rdamedia | ||
| 338 | |a svazek |b nc |2 rdacarrier | ||
| 520 | 2 | |a Pohádkové vyprávění o kouzelném lese a o zvířátkách, které v něm žijí a mají kouzelné schopnosti. Určeno zejména dívkám od 5 let. | |
| 520 | 2 | |a Ústřední postavou tohoto příběhu je kočičí víla Kiki, která má každý den za úkol ozdobit všechny pavučiny, traviny a keříky v lese blyštivými kapičkami rosy. Kiki ale jednoho dne zjistí, že se v lese potlouká zřejmě zloděj blyštivých kapek rosy a zároveň potká uplakaného myšáčka, který se ztratil. Najednou má Kiki úkoly tři: pomoci najít myšáčkovu rodinu, vypátrat příčinu záhadného mizení rosy a stihnout ozdobit všechny pavučinky v lese. Jako bonus jsou v závěru knížky pro děti připraveny zábavné aktivity. | |
| 521 | 8 | |a Pro děti od 5 let | |
| 655 | 7 | |a anglicky psané příběhy |7 fd183173 |2 czenas | |
| 655 | 7 | |a publikace pro děti |7 fd133156 |2 czenas | |
| 655 | 9 | |a stories in English |2 eczenas | |
| 655 | 9 | |a children's literature |2 eczenas | |
| 700 | 1 | |a Kalinová, Alžběta |7 xx0144933 |4 trl | |
| 787 | 0 | 8 | |i Z cyklu: |t Zvířátka z Kouzelného lesa |g 1 |
| 900 | |a ABA001 |b 20 | ||
| 928 | 9 | |a Albatros Media - Fragment | |
| 044 | |a xr | ||
| 910 | |a RBIT002 | ||
| 998 | |d 170774 |a https://core.palmknihy.cz/api/books/170774/cover?tf1pvi |b https://core.palmknihy.cz/api/books/170774/cover/400?tf1pvi |c https://core.palmknihy.cz/api/books/170774/cover/50?tf1pvi |e 2030-09-23 |g 112 |i 9788025327050 |j https://core.palmknihy.cz/api/books/170774/preview.epub |k https://core.palmknihy.cz/api/books/170774/preview.pdf |l |q 49 |r 1 |s https://www.palmknihy.cz/kniha/170774 |t ebook |y 2016 |z 0 | ||
| 999 | |d 302814 | ||